000 00827nam a2200229Ia 4500
005 20241129110216.0
008 241129s9999||||xx |||||||||||||| ||und||
020 _a978-93-86835-43-7
037 _aTB
040 _aARTS
_bhin
_cARTS
041 _ahin
_2hin
084 _aO111,3M83x 152Q9
_qARTS
100 _aकाफ़्का, फ्रांज़, ले.
_9159397
245 0 _aकायान्तरण तथा अन्य कहानियॉं
_cकाफ़्का, फ्रांज़, ले.
260 _aदिल्ली, भारत
_bअनुज्ञा बुक्स
_c2023
300 _a104पृ0
365 _aINR
_b300
546 _aTranslated from English to Hindi
650 _aEnglish Fiction
942 _cTB
_hO111,3M83x 152Q9
999 _c1227725
_d1227725